000 00592nam a2200253Ia 4500
008 210210b2007 xxu||||| |||| 00| 0 eng d
020 _a0387335099
041 _aeng
082 _a664 MCEF
100 _aMcELHATTON (Anna)
245 _aFood safety
_bPractical and case study approach
260 _aNew York
_bSpringer
_c2007
300 _axix,311
650 _astudy
650 _asafety
650 _aPractical
650 _aFood
650 _acase
650 _aapproach
650 _aand
690 _aFood Safety
700 _aMARSHALL (Richard J) Ed
906 _a068094
999 _c152223
_d152223